| 000 | 00431nam a2200133Ia 4500 | ||
|---|---|---|---|
| 008 | 181023s9999 xx 000 0 und d | ||
| 020 | _a9781138243286 | ||
| 100 | _aWolfmeyer, Mark. | ||
| 245 |
_cMark Wolfmeyer.-- _aMathematics education : _ba critical introduction / |
||
| 260 |
_aNew York : _bRoutledge _c2017 |
||
| 300 | _axii, 110 pages. | ||
| 650 | _aEducation -- social aspects. | ||
| 650 | _aMathematics -- study and teaching. | ||
| 999 |
_c359388 _d359388 |
||